| 000 | 00337nam a2200121Ia 4500 | ||
|---|---|---|---|
| 008 | 190216s9999||||xx |||||||||||||| ||und|| | ||
| 100 | _aTheraja B L
 Theraja A K | ||
| 245 | 0 | _aText Book Of Electrical Technology Volume I (basic Electrical Engg.) | |
| 260 |
_bS Chand & Co _c1999 |
||
| 300 | _a735 p | ||
| 650 | _aPhysics | ||
| 942 | _cBK | ||
| 999 |
_c8647 _d8647 |
||